000 00524nam a2200217Ia 4500
003 OSt
005 20221005131558.0
006 a|||||r|||| 00| 0
007 ta
008 221004b |||||||| |||| 00| 0 guj d
024 _a44713
037 _cTextual
040 _aCRL
_cCRL
_bguj
041 _2guj
_aguj
082 _aO156,3N111x, J3
245 0 _aSri Ramnaryan Viswnath
260 _c1960
650 _aGUJRATI FICTION
942 _hO156,3N111x, J3
_cTEXL
_2cc
999 _c1060781
_d1060781